<?xml version="1.0" encoding="UTF-8"?>
<record
    xmlns:xsi="http://www.w3.org/2001/XMLSchema-instance"
    xsi:schemaLocation="http://www.loc.gov/MARC21/slim http://www.loc.gov/standards/marcxml/schema/MARC21slim.xsd"
    xmlns="http://www.loc.gov/MARC21/slim">

  <leader>00403nam a22001817a 4500</leader>
  <datafield tag="999" ind1=" " ind2=" ">
    <subfield code="c">17655</subfield>
    <subfield code="d">17655</subfield>
  </datafield>
  <controlfield tag="003">NUST</controlfield>
  <controlfield tag="005">20200123154654.0</controlfield>
  <controlfield tag="008">140107t        xxu||||| |||| 00| 0 eng d</controlfield>
  <datafield tag="020" ind1=" " ind2=" ">
    <subfield code="a">9693509366</subfield>
  </datafield>
  <datafield tag="038" ind1=" " ind2=" ">
    <subfield code="a">MSOHAIL</subfield>
  </datafield>
  <datafield tag="082" ind1=" " ind2=" ">
    <subfield code="a">891.4393</subfield>
  </datafield>
  <datafield tag="100" ind1=" " ind2=" ">
    <subfield code="a">Bano Qudsiya</subfield>
    <subfield code="9">9247</subfield>
  </datafield>
  <datafield tag="240" ind1=" " ind2=" ">
    <subfield code="a">samanewajood</subfield>
  </datafield>
  <datafield tag="245" ind1=" " ind2=" ">
    <subfield code="a">Saman e wajood</subfield>
  </datafield>
  <datafield tag="246" ind1=" " ind2=" ">
    <subfield code="a">saman e wajud</subfield>
  </datafield>
  <datafield tag="300" ind1=" " ind2=" ">
    <subfield code="a">206;pxv</subfield>
  </datafield>
  <datafield tag="942" ind1=" " ind2=" ">
    <subfield code="2">ddc</subfield>
    <subfield code="c">BK</subfield>
  </datafield>
  <datafield tag="952" ind1=" " ind2=" ">
    <subfield code="0">0</subfield>
    <subfield code="1">0</subfield>
    <subfield code="2">ddc</subfield>
    <subfield code="4">0</subfield>
    <subfield code="7">0</subfield>
    <subfield code="a">NIT</subfield>
    <subfield code="b">NIT</subfield>
    <subfield code="d">2020-01-23</subfield>
    <subfield code="l">1</subfield>
    <subfield code="o">891.4393</subfield>
    <subfield code="p">NIT-9420</subfield>
    <subfield code="r">2023-11-06</subfield>
    <subfield code="s">2023-11-03</subfield>
    <subfield code="w">2020-01-23</subfield>
    <subfield code="y">BK</subfield>
  </datafield>
</record>
